000 01846nam a2200397 c 4500
999 _c49166
_d49166
003 BLK
005 20250203155702.0
008 180408b bul|||||r ||||||| ||bul||
010 _aKNG00053015000
040 _aBLK
041 _aBUL
_cBUL
080 _aВенецуелска литература
_b821.134.2(87)
_x-31
_z821.134.2(87)-31
080 _aГватемалска литература
_b821.134.2(728)
_x-31
_z821.134.2(728)-31
100 1 _aГалиегос, Ромуло
_eпърви автор
_950772
139 _aГалиегос, Ромуло
_bГ 18
245 1 0 _aДоня Барбара
_bРоман
_cРомуло Галиегос; прев. от исп. Стефан Савов; * Мигел Анхел Астуриас; * Валентина Рафаилова.
245 1 0 _aСеньор президентът
_bРоман
_cМигел Анхел Астуриас. Прев. от исп. Валентина Рафаилова
257 _aGUA
_aVEN
260 _bНар. култура
_c1979
_fВраца : печ. В. Александров
_aСофия
300 _a575 с.
_c21 см
380 _aX
490 _aБиблиотека Световна класика
_9201621
500 _aОриг. загл. Dona Barbara ; El Senor Presidente. - В кн. означено 1. и 2. изд. - 60 125 тир.
653 _aромани
700 1 _aСавов, Стефан
_eпрев. от исп.
_9282594
700 1 _aАстуриас, Мигел Анхел
_e*
_934101
700 1 _aРафаилова, Валентина
_e*
_9282595
852 _aЦб 99413
856 4 _qpdf
_i0.00
_ldisable
856 4 _qpdf
_i0.00
_ldisable
942 _cKNG
_n0
_02
_s1
944 _aCR
_c13.09.2016
_k30570
_lМоника Янева
944 _aED
_c13.09.2016
_kКети_Илиева
999 _d49166
999 _d49166